Zvesti Ministerstva školstva, vedy, výskumu a športu Slovenskej republiky a Ministerstva kultúry Slovenskej republiky

Bibliographic Details
Previous Title:Zvesti Ministerstva školstva Slovenskej republiky a Ministerstva kultúry Slovenskej republiky
Corporate Authors: Slovensko. Ministerstvo školstva, vedy, výskumu a športu, Slovensko. Ministerstvo kultúry
Format: Journal
Language:Slovak
Published: Bratislava M.S. Agentúra 2010-[2013]
Bratislava Agentúra PAJPER
Subjects:

MARC

LEADER 00000cas a22000001a 4500
001 vtls010190368
003 SK-MaSNL
005 20260228161148.0
008 141119d20102013xo mr p f0 b0slo c
022 |y 0862-9471 
040 |a SVKBB  |b slo  |c SVKBB  |d SAVUK  |d SNK  |e AACR2 
041 0 |a slo 
044 |a xo  |c SK 
072 7 |a 371  |x Školstvo (organizácia)  |2 konspekt 
072 7 |a 351  |x Úlohy verejnej správy, správne opatrenia. Legislatíva  |2 konspekt 
080 |a 371  |2 2001 
080 |a 351.85  |2 2001 
080 |a 316.7  |2 2001 
080 |a 354  |2 2006 
080 |a 050  |2 2001 
245 0 0 |a Zvesti Ministerstva školstva, vedy, výskumu a športu Slovenskej republiky a Ministerstva kultúry Slovenskej republiky 
260 |a Bratislava  |b M.S. Agentúra  |c 2010-[2013] 
260 3 |3 2011-  |a Bratislava  |b Agentúra PAJPER 
300 |a zv.  |c 30 cm 
310 |a 10x ročne 
362 0 |a Zoš. 7/8 (31. okt. 2010)- 
500 |a ISSN v tiráži zhodné s predchádzajúcim titulom 
500 |a Do zoš. 6/2010 vychádzalo periodikum pod názvom Zvesti Ministerstva školstva Slovenskej republiky a Ministerstva kultúry Slovenskej republiky 
650 0 7 |a školstvo  |2 SNKPH  |9 19712 
650 0 7 |a kultúra  |2 SNKPH  |9 886 
650 0 7 |a Education  |2 SNKPHeng  |9 265320 
650 0 7 |a Culture  |2 SNKPHeng  |9 265082 
655 7 |a vestníky  |2 SNKPH  |9 70701 
710 1 |a Slovensko.  |b Ministerstvo školstva, vedy, výskumu a športu  |9 156510 
710 1 |a Slovensko.  |b Ministerstvo kultúry  |9 145780 
780 0 0 |t Zvesti Ministerstva školstva Slovenskej republiky a Ministerstva kultúry Slovenskej republiky  |x 0862-9471  |w vtls008633944 
852 |a Štátna vedecká knižnica v Banskej Bystrici 
910 |a snk 
910 |a savuk 
916 |a 2011-2013 
999 |c 4521  |d 6451 
952 |0 0  |1 0  |4 0  |7 0  |8 0  |a SNK  |b SNK  |d 2014-06-11  |f 1  |i snk2014/13532  |l 0  |o snkČSB 353/2011  |p 17A0867688  |r 2026-02-21 21:14:43  |t č. 1-10  |w 2026-02-21  |y PREZ 
952 |0 0  |1 0  |4 0  |7 0  |8 0  |a SNK  |b SNK  |d 2014-06-11  |i snk2014/13533  |l 0  |o snkČSB 353/2011 D1  |p 17A0867689  |r 2026-02-21 21:14:43  |t č. 1-10  |w 2026-02-21  |y PREZ 
952 |0 0  |1 0  |4 0  |7 0  |8 0  |a SNK  |b SNK  |d 2014-06-11  |f 1  |i snk2014/13534  |l 0  |o snkČSB 353/2012  |p 17A0867690  |r 2026-02-21 21:14:46  |t č. 1-10  |w 2026-02-21  |y PREZ 
952 |0 0  |1 0  |4 0  |7 0  |8 0  |a SNK  |b SNK  |d 2014-06-11  |i snk2014/13536  |l 0  |o snkČSB 353/2012 D1  |p 17A0867691  |r 2026-02-21 21:14:47  |t č. 1-10  |w 2026-02-21  |y PREZ 
952 |0 0  |1 0  |4 0  |7 0  |8 0  |a SNK  |b SNK  |d 2014-06-11  |f 1  |i snk2014/13538  |l 0  |o snkČSB 353/2013  |p 17A0867692  |r 2026-02-21 21:14:47  |t č. 1-6  |w 2026-02-21  |y PREZ 
952 |0 0  |1 0  |4 0  |7 0  |8 0  |a SNK  |b SNK  |d 2014-06-11  |i snk2014/13542  |l 0  |o snkČSB 353/2013 D1  |p 17A0867693  |r 2026-02-21 21:14:47  |t č. 1-6  |w 2026-02-21  |y PREZ